000 00272nam a22001217a 4500
008 170512b xxu||||| |||| 00| 0 eng d
041 _aeng
080 _22ND
_a94
100 _a16
101 _aSHH
245 _aLEGACY: THE MYERS PARK STORY
_cKRATT, M.N
942 _2udc
_cBK
999 _c13287
_d13287